000 00485nam a2200181Ia 4500
001 2588
005 20260306144818.0
008 260306t2007||||xx |||||||||||||| ||spa||
041 _aESP
082 _a616.89156
_bF43
100 _aFerro García, Rafael
_eAUT
245 0 _aTerapia de interacción padres-hijos:
_bun tratamiento infantil basado en la evidencia
260 _c2007
300 _a191 páginas :
_c22 cm.
650 _aGEN
654 _aCPS
942 _cLIB
_dJUS
_fJUS
_2ddc
_n
999 _c2588
_d2588